Datum a čas kvízu
20
Celkem bodů
Celkový počet nahraných bodů na tomto kvízu bez doplňovacích otázek.
4.
Pořadí na kvízu
Konečné umístění týmu na tomto kvízu.
Zaznamenané odpovědi
| # | Otázka | Odpověď | Body | Výsledky |
|---|---|---|---|---|
| 1. | Jak se jmenuje stránka na česk... | Wikipedia | 1 | |
| 2. | Máte doma v lednici Power Natu... | viagru, erekci | 1 | |
| 3. | V pražském Rudolfinu byly v so... | Všechno bude | 0 | |
| 4. | Novou odrůdu meruněk jménem So... | šarka | 0 | |
| 5. | Jak se jmenuje muž, který byl... | Tomáš Vaclík | 1 | |
| 6. | Dnešní cestovatelské téma se b... | Córdoba | 0 | |
| 7. | Jak se jmenuje velmi známý špa... | Luis Buñuel | 0 | |
| 8. | Ze hry Osvobozeného divadla Ru... | Sevilla (v Seville) | 0 | |
| 9. | Nad městem Granada se vypíná h... | Alhambra | 0 | |
| 10. | Na obrázku vidíte radnici v př... | Juan Carlos I. | 0 |